[Event "It"]
[Site "masterchessopen.com Odessa (Ukraine)"]
[Round "0"]
[White "Tringov Georgi P (BUL)"]
[Black "Paoli Enrico (ITA)"]
[Result "1-0"]
[WhiteElo "2379"]
[BlackElo "2300"]

1.e4 c5 2.Nf3 Nc6 3.d4 cxd4 4.Nxd4 Nf6 5.Nc3 d6 6.Bg5 e6 7.Qd2 Be7 8.O-O-O O-O
9.f4 Nxd4 10.Qxd4 Qa5 11.Bc4 Bd7 12.e5 dxe5 13.fxe5 Bc6 14.Bd2 Nd7 15.Nd5 Qd8
16.Nxe7+ Qxe7 17.Rhe1 Qc5 18.Qf4 Bb5 19.Bxb5 Qxb5 20.Qg3 Kh8 21.Re4 Rfd8
22.Qf4 Rac8 23.Bc3 Nc5 24.Red4 Rxd4 25.Qxd4 Qe8 26.Bb4 Na6 27.Ba3 h6 28.Qd7
Qxd7 29.Rxd7 Rc7 30.Rd8+ Kh7 31.Bd6 Rc4 32.Rd7 Nb4 33.Rxb7 Nxc2 34.b3 Rc8
35.Rxa7 Nb4+ 36.Kd2 Nd5 37.Rxf7 Kg6 38.Rb7 Nf4 39.g3 Nh3 40.a4 Ng5 41.a5 Kf5
42.Rc7 {#r} 1-0

[Event "Cup Clare Benedict"]
[Site "masterchessopen.com Copenhagen (Denmark)"]
[Round "7"]
[White "Wahlbom Magnus (SWE)"]
[Black "Pomar Salamanca Arturo (ESP)"]
[Result "0-1"]
[WhiteElo "2288"]
[BlackElo "2435"]

1.e4 c5 2.Nf3 d6 3.d4 Nf6 4.Nc3 cxd4 5.Nxd4 Nc6 6.Bg5 e6 7.f4 Be7 8.Qd2 O-O
9.O-O-O Nxd4 10.Qxd4 Qa5 11.Bc4 Bd7 12.Bxf6 Bxf6 13.e5 Be7 14.Qe3 Rfc8 15.Bb3
d5 16.f5 Qc7 17.Qg3 a5 18.fxe6 Bxe6 19.Nxd5 Bf8 20.c3 Kh8 21.a3 b5 22.Qh4 b4
23.Bc2 h6 24.Qe4 g6 25.axb4 axb4 26.Nxb4 h5 27.Qf4 Kh7 28.Kb1 Qa5 29.Be4 Bb3
30.Bxa8 Rxa8 31.Kc1 Bh6 {#R} 0-1

[Event "Ch Europe (juniors)"]
[Site "masterchessopen.com Groningen (Netherlands)"]
[Round "2"]
[White "Grinberg Nir (ISR)"]
[Black "Levacic Damir (FRA)"]
[Result "1-0"]
[WhiteElo "2375"]
[BlackElo "2260"]

1.e4 c5 2.Nf3 Nc6 3.d4 cxd4 4.Nxd4 Nf6 5.Nc3 d6 6.Bg5 e6 7.Qd2 Be7 8.O-O-O O-O
9.f4 Nxd4 10.Qxd4 Qa5 11.Bc4 Bd7 12.Bb3 Bc6 13.Rhe1 h6 14.Bh4 e5 15.fxe5 dxe5
16.Qf2 Rad8 17.Nd5 Bxd5 18.exd5 Qb4 19.Rxe5 Bc5 20.Qe1 Qf4+ 21.Rd2 Bd6 22.Bg3
Qg4 23.Ree2 Bf4 24.Bxf4 Qxf4 25.Qg3 Qxg3 26.hxg3 Rfe8 27.Rxe8+ Rxe8 28.c3 Kf8
29.Bd1 Ne4 30.Rd4 Nxg3 31.Ra4 a6 32.Rb4 Rb8 33.Bf3 Nf5 34.Rb6 Ke7 35.c4 Kd8
36.d6 Kd7 37.c5 Nd4 38.Bxb7 Ne6 39.Bc6+ Kc8 40.Bd7+ Kxd7 41.Rxb8 Nxc5 42.b4
Ne4 43.Rb7+ Kxd6 44.Rxf7 {#r} 1-0

[Event "It"]
[Site "masterchessopen.com Reggio Emilia (Italy)"]
[Round "3"]
[White "Chevaldonnet Francois (FRA)"]
[Black "Campioli Giuseppe"]
[Result "1-0"]
[WhiteElo "2287"]
[BlackElo "2200"]

1.e4 c5 2.Nf3 Nc6 3.d4 cxd4 4.Nxd4 Nf6 5.Nc3 d6 6.Bg5 e6 7.Qd2 Be7 8.O-O-O O-O
9.f4 Nxd4 10.Qxd4 Qa5 11.Bc4 h6 12.Bh4 e5 13.fxe5 dxe5 14.Qd3 Qc5 15.Bb3 Be6
16.Bxe6 fxe6 17.Qh3 Qc4 18.Bg3 Bb4 19.Bxe5 Bxc3 20.Bxc3 Qxa2 21.b3 Rac8
22.Qxe6+ Kh8 23.Bb2 Rfe8 24.Qh3 Rc6 25.Rhe1 Rec8 26.Rd2 Qa5 27.Ree2 Qg5 28.Qe3
Qb5 29.Kb1 a5 30.Qd3 Qc5 31.e5 Ng8 32.e6 Ne7 33.Qe3 Qh5 34.Rd7 {#r} 1-0

[Event "It"]
[Site "masterchessopen.com Reggio Emilia (Italy)"]
[Round "5"]
[White "Wagman Stuart (USA)"]
[Black "Campioli Giuseppe"]
[Result "1-0"]
[WhiteElo "2125"]
[BlackElo "2200"]

1.e4 c5 2.Nf3 Nc6 3.d4 cxd4 4.Nxd4 Nf6 5.Nc3 d6 6.Bg5 e6 7.Qd2 Be7 8.O-O-O O-O
9.f4 Nxd4 10.Qxd4 Qa5 11.Bc4 h6 12.h4 Rd8 13.Qg1 b5 14.e5 bxc4 15.exf6 Bxf6
16.Bxf6 gxf6 17.Qd4 e5 18.fxe5 fxe5 19.Qe3 Kg7 20.Qf3 Be6 21.Rhf1 Rab8 22.g4
Qb6 23.g5 Rh8 24.Qf6+ Kg8 25.g6 {#r} 1-0

[Event "Ch Scotland (corr.)"]
[Site "masterchessopen.com Scotland"]
[Round "0"]
[White "Kilgour David A (SCO)"]
[Black "Brady Wallace"]
[Result "1-0"]
[WhiteElo "2165"]
[BlackElo "1745"]

1.e4 c5 2.Nf3 Nc6 3.d4 cxd4 4.Nxd4 Nf6 5.Nc3 d6 6.Bg5 e6 7.Qd2 Be7 8.O-O-O O-O
9.f4 Nxd4 10.Qxd4 Qa5 11.Bc4 h6 12.Bh4 e5 13.fxe5 dxe5 14.Qd3 Qc5 15.Bxf6 Bxf6
16.Nd5 Bg4 17.Kb1 Be6 18.h4 Bd8 19.Qe2 Rc8 20.Bb3 b5 21.g4 g6 22.g5 h5 23.Qh2
a5 24.a3 a4 25.Ba2 Bxd5 26.Rxd5 Qc6 27.Rf1 Kg7 28.Qxe5+ f6 29.Qd4 Be7 30.Rd7
Rce8 31.Ka1 Qa6 32.Qb4 {#r} 1-0

[Event "It"]
[Site "masterchessopen.com Ljubljana (Slovenia)"]
[Round "0"]
[White "Mencinger Vojko (SLO)"]
[Black "Wittmann Walter (AUT)"]
[Result "1-0"]
[WhiteElo "2275"]
[BlackElo "2425"]

1.e4 c5 2.Nf3 Nc6 3.d4 cxd4 4.Nxd4 Nf6 5.Nc3 d6 6.Bg5 e6 7.Qd2 Be7 8.O-O-O O-O
9.f4 Nxd4 10.Qxd4 Qa5 11.Kb1 Rd8 12.Be2 Bd7 13.Rhf1 Bc6 14.Qe3 b5 15.Bf3 b4
16.Ne2 Rac8 17.Nd4 Ba4 18.Rd2 Rc5 19.Rfd1 Rdc8 20.f5 exf5 21.Nxf5 Qc7 22.Nxe7+
Qxe7 23.b3 Be8 24.Bf4 Rc3 25.Qd4 d5 26.exd5 Bd7 27.Re2 Qd8 28.Qxb4 Bf5 29.Rdd2
h6 30.Kb2 R3c5 31.Qd4 Qb6 32.c4 Qa6 33.Qc3 Rxc4 34.bxc4 Rxc4 35.Qb3 Rxf4
36.Qb8+ Kh7 37.Qxf4 Qb5+ 38.Kc3 Qc5+ 39.Qc4 Qa3+ 40.Kd4 Nd7 41.Be4 {#r} 1-0

[Event "It (cat.9)"]
[Site "masterchessopen.com Banja-Luka (Bosnia & Herzegovina)"]
[Round "0"]
[White "Gavric Miladin (BIH)"]
[Black "Speelman Jonathan S (ENG)"]
[Result "0-1"]
[WhiteElo "2400"]
[BlackElo "2535"]

1.e4 c5 2.Nf3 Nc6 3.d4 cxd4 4.Nxd4 Nf6 5.Nc3 d6 6.Bg5 e6 7.Qd2 Be7 8.O-O-O O-O
9.f4 Nxd4 10.Qxd4 Qa5 11.Bc4 Bd7 12.e5 dxe5 13.fxe5 Bc6 14.Bd2 Nd7 15.Nd5 Qd8
16.Nxe7+ Qxe7 17.h4 Qc5 18.Qxc5 Nxc5 19.Bb4 Rfc8 20.Bxc5 Bxg2 21.Rhg1 Rxc5
22.Bxe6 Bc6 23.Bb3 Rxe5 24.Rgf1 Rf8 25.Rf4 g6 26.Rdf1 Bd5 27.Bxd5 Rxd5 28.Re1
Rfd8 29.b3 Kf8 30.Kb2 Rd4 31.Ree4 Rxe4 32.Rxe4 f5 33.Ra4 a6 34.Rb4 Rd7 35.Rc4
Kg7 36.a4 h6 37.b4 g5 38.hxg5 hxg5 39.b5 axb5 40.axb5 f4 41.b6 f3 42.Rc7 Rf7
{#R} 0-1

[Event "It (open)"]
[Site "masterchessopen.com Bela Crkva (Yugoslavia)"]
[Round "0"]
[White "Thorsteins Karl (ISL)"]
[Black "Mujagic Ramo (SRB)"]
[Result "1-0"]
[WhiteElo "2469"]
[BlackElo "2266"]

1.e4 c5 2.Nf3 d6 3.d4 cxd4 4.Nxd4 Nf6 5.Nc3 Nc6 6.Bg5 e6 7.Qd2 Be7 8.O-O-O O-O
9.f4 Nxd4 10.Qxd4 h6 11.Bh4 Qa5 12.Bc4 Rd8 13.Kb1 Bd7 14.Rhe1 Qh5 15.Bg3 Qa5
16.f5 b5 17.Bb3 b4 18.fxe6 bxc3 19.exd7 Rxd7 20.Qxc3 Qxc3 21.bxc3 Nh5 22.Be5
Rad8 23.Bd4 Bf6 24.Kb2 Be5 25.Bxe5 dxe5 26.Rd5 Nf4 27.Rxe5 Nxg2 28.Rf1 Ne3
29.Rf3 Ng4 30.Ref5 Nf6 31.e5 Nd5 32.c4 Nc7 33.c5 Rf8 34.e6 Re7 35.Rxf7 Rfxf7
36.exf7+ Kf8 37.Rd3 Ne6 38.Rd6 Kxf7 39.c6 Kf6 40.c7 {#r} 1-0

[Event "Ch DDR"]
[Site "masterchessopen.com DDR"]
[Round "0"]
[White "Vogt Lothar (GER)"]
[Black "Tischbierek Raj (GER)"]
[Result "1-0"]
[WhiteElo "2510"]
[BlackElo "2395"]

1.e4 c5 2.Nf3 Nc6 3.d4 cxd4 4.Nxd4 Nf6 5.Nc3 d6 6.Bg5 e6 7.Qd2 Be7 8.O-O-O O-O
9.f4 Nxd4 10.Qxd4 Qa5 11.Bc4 Bd7 12.e5 dxe5 13.fxe5 Bc6 14.h4 Bc5 15.Qf4 Nd5
16.Bxd5 exd5 17.Bf6 Rfe8 18.Bxg7 Kxg7 19.Qf6+ Kg8 20.Rh3 Qd8 21.Rg3+ Kf8
22.Qh6+ Ke7 23.Ne4 Bb6 24.Nd6 Kd7 25.Nxf7 Qe7 26.Rg7 Rg8 27.e6+ {#r} 1-0

[Event "Ch Belarus"]
[Site "masterchessopen.com Minsk (Belarus)"]
[Round "12"]
[White "Kovalev Andrei (BLR)"]
[Black "Mochalov Evgeny V (BLR)"]
[Result "1-0"]
[WhiteElo "2513"]
[BlackElo "2379"]

1.e4 c5 2.Nf3 d6 3.d4 cxd4 4.Nxd4 Nf6 5.Nc3 Nc6 6.Bg5 e6 7.Qd2 Be7 8.O-O-O O-O
9.f4 Nxd4 10.Qxd4 Qa5 11.Bc4 Bd7 12.Bb3 Bc6 13.Kb1 Rfd8 14.g4 Rac8 15.Rhe1 h6
16.Bh4 e5 17.fxe5 dxe5 18.Qf2 Rxd1+ 19.Rxd1 Rd8 20.Rf1 Rd4 21.Bxf6 Bxf6 22.h4
Qd8 23.g5 hxg5 24.hxg5 Bxg5 25.Qxf7+ Kh8 26.a3 Bxe4 27.Nxe4 Rxe4 28.Rh1+ Bh6
29.Qg6 {#r} 1-0

[Event "Olympiad URS"]
[Site "masterchessopen.com Moscow (Russia)"]
[Round "0"]
[White "Karner Hillar (EST)"]
[Black "Mochalov Evgeny V (BLR)"]
[Result "1-0"]
[WhiteElo "2415"]
[BlackElo "2379"]

1.e4 c5 2.Nf3 d6 3.Nc3 Nc6 4.d4 cxd4 5.Nxd4 Nf6 6.Bg5 e6 7.Qd2 Be7 8.O-O-O O-O
9.f4 Nxd4 10.Qxd4 Qa5 11.Bc4 Bd7 12.Rhf1 h6 13.Bh4 Rfd8 14.f5 Rac8 15.Bb3 Qc5
16.Qd3 b5 17.fxe6 fxe6 18.Rf5 Qb6 19.e5 dxe5 20.Rxf6 Rxc3 21.bxc3 Bc8 22.Qxd8+
Bxd8 23.Rxd8+ Qxd8 24.Rxe6 {#r} 1-0

[Event "It (cat.7)"]
[Site "masterchessopen.com Nis (Yugoslavia)"]
[Round "0"]
[White "Matulovic Milan (SRB)"]
[Black "Pavlovic Dejan (SRB)"]
[Result "1-0"]
[WhiteElo "2455"]
[BlackElo "2287"]

1.e4 c5 2.Nf3 Nc6 3.d4 cxd4 4.Nxd4 Nf6 5.Nc3 d6 6.Bg5 e6 7.Qd2 Be7 8.O-O-O O-O
9.f4 Nxd4 10.Qxd4 Qa5 11.Bc4 Bd7 12.e5 dxe5 13.fxe5 Bc6 14.Bd2 Nd7 15.Nd5 Qd8
16.Nxe7+ Qxe7 17.Rhe1 Rfc8 18.Bf1 Qc5 19.Qxc5 Nxc5 20.Be3 Nd7 21.Bf2 Nf8 22.b3
Rd8 23.Rxd8 Rxd8 24.Bxa7 Ra8 25.Bd4 Rxa2 26.Rd1 Ra8 27.c4 Nd7 28.Re1 Kf8
29.Kb2 Ke7 30.b4 b6 31.Re3 f6 32.exf6+ gxf6 33.Rg3 e5 34.Be3 Kf7 35.Be2 Be4
36.Bf2 Rg8 37.Rxg8 Kxg8 38.g3 Kf7 39.Kc3 Ke6 40.Bd1 Bc6 {#r} 1-0

[Event "?"]
[Site "masterchessopen.com URS"]
[Round "0"]
[White "Ivanov Alexander (USA)"]
[Black "Gavrikov Viktor (LTU)"]
[Result "1-0"]
[WhiteElo "2523"]
[BlackElo "2485"]

1.e4 c5 2.Nf3 d6 3.d4 Nf6 4.Nc3 cxd4 5.Nxd4 Nc6 6.Bg5 e6 7.Qd2 Be7 8.O-O-O O-O
9.f4 Nxd4 10.Qxd4 Qa5 11.Bc4 Bd7 12.e5 dxe5 13.fxe5 Bc6 14.Bd2 Nd7 15.Nd5 Qd8
16.Nxe7+ Qxe7 17.Rhe1 Nb6 18.Bf1 Rfc8 19.Kb1 Nd7 20.Bb4 Qg5 21.h4 Qd8 22.Qf4
a5 23.Bd6 b5 24.Rd3 Ra7 25.Rg3 Nf8 26.h5 Rb7 27.Bd3 Bd5 28.Rf1 Bc4 29.Qh6 f5
30.exf6 {#r} 1-0

[Event "Ch World (match) (cand.) (1/4) (w)"]
[Site "masterchessopen.com Velden (Austria)"]
[Round "0"]
[White "Ioseliani Nana (GEO)"]
[Black "Liu Shilan (CHN)"]
[Result "0-1"]
[WhiteElo "2290"]
[BlackElo "2205"]

1.e4 c5 2.Nf3 Nc6 3.d4 cxd4 4.Nxd4 Nf6 5.Nc3 d6 6.Bg5 e6 7.Qd2 Be7 8.O-O-O O-O
9.f4 Nxd4 10.Qxd4 Qa5 11.Bd3 e5 12.Qe3 h6 13.Bxf6 exf4 14.Qe1 Bxf6 15.Nd5 Qd8
16.Nxf6+ Qxf6 17.Rf1 Be6 18.a3 g5 19.g3 f3 20.Qe3 g4 21.h3 Qg5 22.Qxg5+ hxg5
23.hxg4 Kg7 24.c3 Rh8 25.Bc2 Rh3 26.Rxd6 Rxg3 27.Bd1 Bxg4 28.Rd5 Be6 29.Rc5 b6
30.Rc7 g4 31.e5 Rg2 32.c4 Rd8 33.Bxf3 gxf3 34.Rxf3 Rd7 35.Rxd7 Bxd7 36.Rd3 Bf5
37.Rd4 Re2 38.b4 Rxe5 39.Kd2 Re4 40.Rxe4 Bxe4 {#R} 0-1

[Event "It (cat.8)"]
[Site "masterchessopen.com Vrnjacka Banja (Serbia)"]
[Round "0"]
[White "Jansa Vlastimil (CZE)"]
[Black "Barlov Dragan (SRB)"]
[Result "0-1"]
[WhiteElo "2445"]
[BlackElo "2435"]

1.e4 c5 2.Nf3 Nc6 3.d4 cxd4 4.Nxd4 Nf6 5.Nc3 d6 6.Bg5 e6 7.Qd2 Be7 8.O-O-O O-O
9.f4 Nxd4 10.Qxd4 Qa5 11.Bc4 Bd7 12.Bb3 Bc6 13.Rhf1 h6 14.Bh4 Qh5 15.Bg3 d5
16.exd5 Rfd8 17.Rfe1 Bxd5 18.Nxd5 Nxd5 19.Qf2 Nc3 20.Rxd8+ Rxd8 21.Qf3 Qxf3
22.gxf3 Nd5 23.c3 Bf6 24.f5 exf5 25.Bf2 Nf4 26.Bc2 Nd3+ 27.Bxd3 Rxd3 28.Bxa7
Rxf3 29.Kc2 f4 30.a4 Rh3 31.Re2 f3 32.Rd2 Bg5 33.Rf2 Bf4 34.Kd3 Bxh2 35.Rf1 g5
36.a5 Bc7 37.b4 g4 38.Ke4 Rh5 39.c4 Re5+ 40.Kd3 Rf5 41.Ke3 {#R} 0-1

[Event "Match"]
[Site "masterchessopen.com Bergen (Norway)"]
[Round "1"]
[White "Timman Jan H (NED)"]
[Black "Sosonko Gennadi (NED)"]
[Result "0-1"]
[WhiteElo "2650"]
[BlackElo "2565"]

1.e4 c5 2.Nf3 d6 3.d4 cxd4 4.Nxd4 Nf6 5.Nc3 Nc6 6.Bg5 e6 7.Qd2 Be7 8.O-O-O
Nxd4 9.Qxd4 O-O 10.f4 Qa5 11.Bc4 Bd7 12.e5 dxe5 13.fxe5 Bc6 14.h4 Rfd8 15.Qf4
Nh5 16.Qg4 Bxg5+ 17.Qxg5 g6 18.Rhf1 Rxd1+ 19.Rxd1 Qc5 20.g4 h6 21.Qxh6 Qxc4
22.gxh5 Qxh4 23.Rg1 Rd8 24.Ne2 Bf3 25.Qf4 Qxf4+ 26.Nxf4 Rd4 27.Nd3 Bxh5 28.Kd2
Re4 29.Rg2 Kg7 30.b4 b6 31.a4 Bg4 32.a5 bxa5 33.bxa5 Bf5 {#R} 0-1

[Event "Europe Tournament (corr.)"]
[Site "masterchessopen.com corr."]
[Round "0"]
[White "Mayr Florian (GER)"]
[Black "Wittmann Walter (AUT)"]
[Result "1-0"]
[WhiteElo "2103"]
[BlackElo "2390"]

1.e4 c5 2.Nf3 d6 3.d4 cxd4 4.Nxd4 Nf6 5.Nc3 Nc6 6.Bg5 e6 7.Qd2 Be7 8.O-O-O O-O
9.f4 Nxd4 10.Qxd4 Qa5 11.Bc4 Bd7 12.e5 dxe5 13.fxe5 Bc6 14.Bd2 Nd7 15.Nd5 Qd8
16.Nxe7+ Qxe7 17.Rhe1 Qc5 18.Qxc5 Nxc5 19.Bb4 b6 20.Re2 Rfd8 21.Red2 Rxd2
22.Rxd2 Kf8 23.g3 Ke7 24.b3 Rd8 25.Rxd8 Kxd8 26.Kd2 Be4 27.Kc3 Kd7 28.Kd4 Bxc2
29.Bxc5 bxc5+ 30.Kxc5 f6 31.Kd4 f5 32.h4 h6 33.a4 g5 34.hxg5 hxg5 35.a5 Be4
36.b4 Bb7 37.b5 Ba8 38.Kc5 {#r} 1-0

[Event "Ch DDR"]
[Site "masterchessopen.com Eilenburg (Germany)"]
[Round "1"]
[White "Tischbierek Raj (GER)"]
[Black "Rossmann Helmut (GER)"]
[Result "1-0"]
[WhiteElo "2450"]
[BlackElo "2355"]

1.e4 c5 2.Nf3 d6 3.d4 cxd4 4.Nxd4 Nf6 5.Nc3 Nc6 6.Bg5 e6 7.Qd2 Be7 8.O-O-O O-O
9.f4 Nxd4 10.Qxd4 Qa5 11.Bc4 Bd7 12.e5 dxe5 13.fxe5 Bc6 14.Bd2 Nd7 15.Nd5 Qd8
16.Nxe7+ Qxe7 17.Rhe1 Nb6 18.Bf1 Rfd8 19.Qg4 Qc5 20.Bh6 Rxd1+ 21.Kxd1 g6
22.Qh4 Rc8 23.Bd3 Nd7 24.Re2 Bb5 25.Bxb5 Qxb5 26.c3 Qd3+ 27.Rd2 Qf1+ 28.Kc2
Qf5+ 29.Kb3 Qxe5 30.Rxd7 Qb5+ 31.Kc2 {#r} 1-0

[Event "Ch Europe (juniors)"]
[Site "masterchessopen.com Groningen (Netherlands)"]
[Round "9"]
[White "Horvath Csaba (HUN)"]
[Black "Pereira Fernando (POR)"]
[Result "1-0"]
[WhiteElo "2517"]
[BlackElo "2196"]

1.e4 c5 2.Nf3 Nc6 3.d4 cxd4 4.Nxd4 Nf6 5.Nc3 d6 6.Bg5 e6 7.Qd2 Be7 8.O-O-O
Nxd4 9.Qxd4 O-O 10.f4 Qa5 11.Kb1 Rd8 12.Qd2 Qc7 13.Bd3 h6 14.h4 a6 15.g4 Bd7
16.Rdg1 Bb5 17.Bxh6 Bxd3 18.cxd3 gxh6 19.f5 Kf8 20.Qxh6+ Ke8 21.g5 Ng8 22.Qg7
Kd7 23.Qxf7 {#r} 1-0

[Event "It (open)"]
[Site "masterchessopen.com Hamburg (Germany)"]
[Round "0"]
[White "Kruszynski Wlodzimierz (POL)"]
[Black "Mueller Georg (GER)"]
[Result "0-1"]
[WhiteElo "2314"]
[BlackElo "2054"]

1.e4 c5 2.Nf3 Nc6 3.d4 cxd4 4.Nxd4 Nf6 5.Nc3 d6 6.Bg5 e6 7.Qd2 Be7 8.O-O-O O-O
9.f4 Nxd4 10.Qxd4 Qa5 11.Bc4 Bd7 12.e5 dxe5 13.fxe5 Bc6 14.Bd2 Nd7 15.Nd5 Qd8
16.Nxe7+ Qxe7 17.Rhe1 Rfc8 18.Qg4 Nf8 19.h4 Qc7 20.Bb3 Bd5 21.c3 Bxb3 22.axb3
Ng6 23.Qg3 h5 24.Bg5 a5 25.Rd6 a4 26.bxa4 Rxa4 27.Kc2 Rg4 28.Qf2 Qa5 29.Qe2
Rc5 30.Rd8+ Kh7 31.Qf2 Rxc3+ 32.Kb1 Ra4 {#R} 0-1

[Event "Ch Leningrad"]
[Site "masterchessopen.com Leningrad (Russia)"]
[Round "0"]
[White "Polovodin Igor A (RUS)"]
[Black "Osnos Viatcheslav (RUS)"]
[Result "0-1"]
[WhiteElo "2447"]
[BlackElo "2384"]

1.e4 c5 2.Nf3 d6 3.d4 cxd4 4.Nxd4 Nf6 5.Nc3 Nc6 6.Bg5 e6 7.Qd2 Be7 8.O-O-O O-O
9.f4 Nxd4 10.Qxd4 h6 11.Bh4 a6 12.Qg1 Bd7 13.Bd3 Rc8 14.Be1 d5 15.exd5 exd5
16.Bf2 Bd6 17.f5 Rxc3 18.bxc3 Qa5 19.Bd4 Qxa2 20.g3 Ne4 21.Bxe4 dxe4 22.Qf2
Ba4 23.Kd2 Qxc2+ 24.Ke3 Qb3 25.Qe2 Bb5 26.Rb1 Qd5 27.Rxb5 axb5 28.Rb1 Qxf5
29.Rxb5 Qd7 30.Qb2 Be7 31.Rxb7 Qf5 32.Qf2 Bg5+ 33.Ke2 Qc8 34.Rb2 Qa6+ 35.Kd1
Qa1+ 36.Kc2 Qc1+ 37.Kb3 Rb8+ 38.Bb6 e3 {#R} 0-1

[Event "It"]
[Site "masterchessopen.com New Delhi (India)"]
[Round "0"]
[White "Gufeld Eduard (USA)"]
[Black "Parameswaran Tiruchi N (IND)"]
[Result "1-0"]
[WhiteElo "2480"]
[BlackElo "2385"]

1.e4 c5 2.Nf3 d6 3.d4 cxd4 4.Nxd4 Nf6 5.Nc3 Nc6 6.Bg5 e6 7.Qd2 Be7 8.O-O-O O-O
9.f4 Nxd4 10.Qxd4 Qa5 11.Bc4 Bd7 12.e5 dxe5 13.fxe5 Bc6 14.Bd2 Nd7 15.Nd5 Qd8
16.Nxe7+ Qxe7 17.Rhe1 Rfc8 18.Bf1 Qc5 19.Qxc5 Nxc5 20.Bb4 Nd7 21.b3 Nf8 22.Kb2
Ng6 23.g3 Rd8 24.Rxd8+ Rxd8 25.c4 Rd7 26.Kc3 h5 27.a4 h4 28.a5 hxg3 29.hxg3 a6
30.Bc5 Ne7 31.b4 Nf5 32.Bf2 g5 33.b5 axb5 34.cxb5 Bf3 35.Bc4 Ne7 36.Bc5 Nd5+
37.Kb3 b6 38.axb6 Rb7 39.Rf1 g4 40.Bxd5 Bxd5+ 41.Kb4 Kg7 42.Rf4 Bf3 43.Ka5 Rb8
44.Bd6 Ra8+ 45.Kb4 Rc8 46.Be7 Rb8 47.Kc5 Rc8+ 48.Kd6 Rb8 {#r} 1-0

[Event "It (open)"]
[Site "masterchessopen.com New York (USA)"]
[Round "1"]
[White "Ljubojevic Ljubomir (SRB)"]
[Black "Taylor Timothy (USA)"]
[Result "1-0"]
[WhiteElo "2615"]
[BlackElo "2284"]

1.e4 c5 2.Nf3 Nc6 3.d4 cxd4 4.Nxd4 Nf6 5.Nc3 d6 6.Bg5 e6 7.Qd2 Be7 8.O-O-O O-O
9.f4 Nxd4 10.Qxd4 a6 11.Be2 Qa5 12.Kb1 h6 13.Bh4 e5 14.Qf2 exf4 15.Nd5 Nxd5
16.Rxd5 Bxh4 17.Qxh4 b5 18.Qxf4 Be6 19.Qd2 Qa4 20.b3 Qxe4 21.Bf3 Qh7 22.Rxd6
Rac8 23.g4 a5 24.Re1 a4 25.Be4 Qh8 26.Rxe6 fxe6 27.Qd7 Rce8 28.Bg6 {#r} 1-0

[Event "It (open) \"]
[Site "masterchessopen.com Greece"]
[Round "0"]
[White "Gazis Efstathios (GRE)"]
[Black "Tsomis Dimitrios (GRE)"]
[Result "1-0"]
[WhiteElo "2306"]
[BlackElo "2179"]

1.e4 c5 2.Nf3 Nc6 3.d4 cxd4 4.Nxd4 Nf6 5.Nc3 d6 6.Bg5 e6 7.Qd2 Be7 8.O-O-O
Nxd4 9.Qxd4 O-O 10.f4 Qa5 11.Bc4 e5 12.fxe5 dxe5 13.Qd3 b5 14.Bb3 b4 15.Bxf6
Bxf6 16.Nd5 Bg5+ 17.Kb1 Be6 18.Qf3 Rad8 19.h4 Bxd5 20.Bxd5 Bh6 21.Qb3 Rd7
22.Rhf1 Qc7 23.Rd3 a5 24.Rdf3 g6 25.h5 Kg7 26.hxg6 hxg6 27.Rh3 Rh8 28.Qf3 Qd6
29.Qxf7+ Rxf7 30.Rxf7+ Kg8 31.Rd7+ {#r} 1-0

[Event "?"]
[Site "masterchessopen.com corr."]
[Round "0"]
[White "Ebeling Mika (FIN)"]
[Black "Issakainen Ari (FIN)"]
[Result "1-0"]
[WhiteElo "2268"]
[BlackElo "2267"]

1.e4 c5 2.Nf3 d6 3.d4 cxd4 4.Nxd4 Nf6 5.Nc3 Nc6 6.Bg5 e6 7.Qd2 Be7 8.O-O-O O-O
9.f4 Nxd4 10.Qxd4 h6 11.Bh4 Qa5 12.Qd3 a6 13.Kb1 Rd8 14.g4 b5 15.Bg2 b4 16.Ne2
e5 17.f5 Bb7 18.Bxf6 Bxf6 19.h4 Rac8 20.Qg3 Be7 21.g5 Kh8 22.gxh6 gxh6 23.Qe3
Bf8 24.Rhf1 Rc5 25.Nc1 Qc7 26.Rd2 a5 27.f6 Rc8 28.Rff2 {#r} 1-0

[Event "corr."]
[Site "masterchessopen.com DDR"]
[Round "0"]
[White "Baumbach Friedrich Dr (GER)"]
[Black "Heinrich Hans (GER)"]
[Result "1-0"]
[WhiteElo "2239"]
[BlackElo "2199"]

1.e4 c5 2.Nf3 Nc6 3.d4 cxd4 4.Nxd4 Nf6 5.Nc3 d6 6.Bg5 e6 7.Qd2 Be7 8.O-O-O O-O
9.f4 Nxd4 10.Qxd4 Qa5 11.Bc4 Rd8 12.Rhf1 Bd7 13.f5 b5 14.fxe6 fxe6 15.Nxb5 d5
16.e5 dxc4 17.exf6 Be8 18.fxe7 {#r} 1-0

[Event "Ch Bulgaria"]
[Site "masterchessopen.com Elenite (Bulgaria)"]
[Round "6"]
[White "Radulov Ivan (BUL)"]
[Black "Kuzev Borislav (BUL)"]
[Result "1-0"]
[WhiteElo "2306"]
[BlackElo "2210"]

1.e4 c5 2.Nf3 d6 3.d4 cxd4 4.Nxd4 Nf6 5.Nc3 Nc6 6.Bg5 e6 7.Qd2 Be7 8.O-O-O O-O
9.f4 Nxd4 10.Qxd4 Bd7 11.e5 dxe5 12.fxe5 Qa5 13.Bc4 Bc6 14.Bd2 Rfd8 15.Nd5
Rxd5 16.Bxa5 Rxd4 17.Rxd4 Bc5 18.Rd3 Ng4 19.Re1 Nxh2 20.b4 Be7 21.b5 Be8
22.Re4 h5 23.Rh3 Ng4 24.Rxh5 Ba3+ 25.Kb1 Nf2 26.Reh4 Kf8 27.Rh8+ Ke7 28.Rf4
Bc5 29.Bc7 Rc8 30.Bd6+ Kd7 31.Bxc5 Rxc5 32.Be2 {#r} 1-0

[Event "?"]
[Site "masterchessopen.com Milan (Italy)"]
[Round "0"]
[White "Levrand R (SUI)"]
[Black "Mantovani Renzo (ITA)"]
[Result "0-1"]
[WhiteElo "2270"]
[BlackElo "2346"]

1.e4 c5 2.Nf3 d6 3.d4 cxd4 4.Nxd4 Nf6 5.Nc3 Nc6 6.Bg5 e6 7.Qd2 Be7 8.O-O-O
Nxd4 9.Qxd4 O-O 10.f4 Qa5 11.e5 dxe5 12.fxe5 Rd8 13.Qf4 Rxd1+ 14.Kxd1 Nd5
15.Nxd5 Qxd5+ 16.Bd3 Bxg5 17.Qxg5 f5 18.Re1 Bd7 19.a3 Bb5 20.Qd2 Bxd3 21.Qxd3
Rd8 22.Qxd5 Rxd5+ 23.Kc1 g5 24.Re3 b5 25.b4 f4 26.Rc3 Rxe5 27.g3 Kf7 28.Kd2
Kg6 29.a4 bxa4 30.Ra3 a5 31.Rxa4 axb4 32.Rxb4 f3 33.h4 Re2+ 34.Kd1 Rg2 35.Ke1
Rxc2 36.hxg5 e5 37.Rh4 Re2+ 38.Kf1 e4 39.Rh6+ Kxg5 40.Rxh7 e3 41.Rg7+ Kf5 {#R}
0-1

[Event "Cup Rilton"]
[Site "masterchessopen.com Stockholm (Sweden)"]
[Round "0"]
[White "Bjerring Kai (DEN)"]
[Black "Inkiov Ventzislav (BUL)"]
[Result "0-1"]
[WhiteElo "2300"]
[BlackElo "2485"]

1.e4 c5 2.Nf3 d6 3.d4 cxd4 4.Nxd4 Nf6 5.Nc3 Nc6 6.Bg5 e6 7.Qd2 Be7 8.O-O-O O-O
9.f4 Nxd4 10.Qxd4 Qa5 11.Kb1 h6 12.Bh4 e5 13.Qd2 Nxe4 14.Nxe4 Qxd2 15.Rxd2
Bxh4 16.Nxd6 exf4 17.Bc4 Bg5 18.Rf2 Be6 19.Bxe6 fxe6 20.Re2 f3 21.gxf3 Rxf3
22.Rxe6 b6 23.a3 Raf8 24.Ree1 Re3 25.Ne4 Re8 26.Rxe3 Bxe3 27.Ng3 Re5 28.Rf1 g6
29.c3 h5 30.Kc2 h4 31.Ne2 Rd5 32.Nd4 Bxd4 33.Rd1 Rg5 34.cxd4 Rg2+ 35.Kc3 Kf7
36.Re1 Rxh2 37.d5 Rf2 38.Re4 g5 39.d6 Rf6 40.Re5 Rxd6 41.Rxg5 Rh6 42.Kd3 h3
43.Rg1 h2 44.Rh1 Kf6 45.Ke4 Kg5 46.Kf3 Rh3+ 47.Kg2 Kg4 {#R} 0-1

[Event "It"]
[Site "masterchessopen.com Rostock (Germany)"]
[Round "5"]
[White "Kovalev Andrei (BLR)"]
[Black "Rossmann Helmut (GER)"]
[Result "1-0"]
[WhiteElo "2513"]
[BlackElo "2264"]

1.e4 c5 2.Nf3 d6 3.d4 cxd4 4.Nxd4 Nf6 5.Nc3 Nc6 6.Bg5 e6 7.Qd2 Be7 8.O-O-O
Nxd4 9.Qxd4 O-O 10.f4 Qa5 11.Bc4 Bd7 12.e5 dxe5 13.fxe5 Bc6 14.Bd2 Nd7 15.Nd5
Qd8 16.Nxe7+ Qxe7 17.Rhe1 Rfd8 18.Qg4 Nf8 19.Bd3 h5 20.Qxh5 Rxd3 21.cxd3 Ba4
22.Kb1 Qd7 23.Bc3 Bxd1 24.Rxd1 Ng6 25.Qg4 Rc8 26.h4 Ne7 27.h5 Nf5 28.Qe4 b5
29.g4 Ne7 30.Bd2 Nd5 31.g5 b4 32.Rc1 Rxc1+ 33.Bxc1 Ne7 34.Be3 Qa4 35.g6 Qd1+
36.Bc1 Nd5 37.Qc4 fxg6 38.hxg6 Kf8 39.Qc8+ Ke7 40.Qc5+ {#r} 1-0